Rozvoj podzemnej dopravy v uhoľných baniach SSSR z cyklu prednášok "Novinky v banskej technike"

Bibliographic Details
Main Author: Dokukin, Aleksand Viktorovič (Author)
Other Authors: Šimčisko, Jozef, 1904-1984 (Translator)
Format: Book
Language:Slovak
Russian
PhysicalDescription:44, [2] s. V. 8°
Published: Bratislava ŠNTL 1955
Series:Edícia banskej literatúry
Subjects:

MARC

LEADER 00000nam a2200000 a 4500
001 vtls008368822
003 SK-MaSNL
005 20260301140830.0
008 181109s1955 xo slo
015 |a SKSNBA19451955-002093 
035 |a SK01SNKBKSFS20010061039 
035 |a SKM000063502 
040 |a SNK  |b slo  |c SNK  |e AACR2 
041 1 |a slo  |h rus 
044 |a xo  |c SK 
080 |a 622  |2 1981 
100 1 |a Dokukin, Aleksand Viktorovič  |4 aut  |9 493982 
245 1 0 |a Rozvoj podzemnej dopravy v uhoľných baniach SSSR  |b z cyklu prednášok "Novinky v banskej technike"  |c A[leksandr] V[iktorovič] Dokukin ; [z rus. orig.] prel. Jozef Šimčisko 
260 |a Bratislava  |b ŠNTL  |c 1955  |e Bratislava  |f Knižné závody 
300 |a 44, [2] s.  |c V. 8° 
490 0 |a Edícia banskej literatúry 
500 |a Ilustrované 
500 |a Paral. tit. rus. 
563 |a 1.200 výtlač. 
650 0 7 |a bane uhoľné  |x doprava podzemná  |z Sovietsky sväz  |2 SNK  |9 493983 
655 7 |a knihy  |2 SNKPH  |9 307098 
700 1 |a Šimčisko, Jozef,  |d 1904-1984  |4 trl  |9 218903 
830 0 |a Edícia banskej literatúry  |9 493984 
852 |a Slovenská národná knižnica v Martine  |b 10000  |h MS SD 9545 
958 |a OND 
958 |a RK 
958 |a TL 
999 |c 765166  |d 767096 
952 |a SNK  |b SNK  |y PREZ  |7 0  |p 17A0407149  |o snkSD 9545  |i snk335/55  |0 0  |1 0  |4 0  |d 2004-01-20  |l 0  |r 2025-11-24 00:00:00  |w 2026-02-24 
952 |a SNK  |b SNK  |y VYP  |7 0  |p 17A1075037  |o snkSD 9545 D1  |i snkI. 2687/55  |0 0  |1 0  |4 0  |d 2015-02-10  |l 0  |r 2026-02-24 00:16:59  |w 2026-02-24